Crying out for change : (Record no. 3141)

MARC details
000 -LEADER
fixed length control field 01067cam a22003134a 4500
001 - CONTROL NUMBER
control field 12162612
003 - CONTROL NUMBER IDENTIFIER
control field OSt
005 - DATE AND TIME OF LATEST TRANSACTION
control field 20160622142730.0
008 - FIXED-LENGTH DATA ELEMENTS--GENERAL INFORMATION
fixed length control field 000901s2000 dcua b 000 0 eng
010 ## - LIBRARY OF CONGRESS CONTROL NUMBER
LC control number 00043960
020 ## - INTERNATIONAL STANDARD BOOK NUMBER
International Standard Book Number 0195216024
040 ## - CATALOGING SOURCE
Original cataloging agency DLC
Transcribing agency DLC
Modifying agency DLC
042 ## - AUTHENTICATION CODE
Authentication code pcc
043 ## - GEOGRAPHIC AREA CODE
Geographic area code d------
050 00 - LIBRARY OF CONGRESS CALL NUMBER
Classification number HC59.72.P6
Item number C79 2000
082 00 - DEWEY DECIMAL CLASSIFICATION NUMBER
Classification number 305.5
Edition number 21
Item number VOI 2000
100 ## - MAIN ENTRY--PERSONAL NAME
Personal name Narayan, Deepa [et....al]
9 (RLIN) 9512
245 00 - TITLE STATEMENT
Title Crying out for change :
Remainder of title voices of the poor
246 30 - VARYING FORM OF TITLE
Title proper/short title Voices of the poor
260 ## - PUBLICATION, DISTRIBUTION, ETC. (IMPRINT)
Place of publication, distribution, etc. Oxford University Press
Date of publication, distribution, etc. 2000.
300 ## - PHYSICAL DESCRIPTION
Extent xvi, 314 p. :
Other physical details ill. ;
Dimensions 24 cm.
504 ## - BIBLIOGRAPHY, ETC. NOTE
Bibliography, etc Includes bibliographical references.
650 #0 - SUBJECT ADDED ENTRY--TOPICAL TERM
Topical term or geographic name as entry element Poverty
9 (RLIN) 6996
650 #0 - SUBJECT ADDED ENTRY--TOPICAL TERM
Topical term or geographic name as entry element Rural Development
9 (RLIN) 2024
856 42 - ELECTRONIC LOCATION AND ACCESS
Materials specified Publisher description
Uniform Resource Identifier http://www.loc.gov/catdir/enhancements/fy0610/00043960-d.html
906 ## - LOCAL DATA ELEMENT F, LDF (RLIN)
a 7
b cbc
c orignew
d 1
e ocip
f 20
g y-gencatlg
942 ## - ADDED ENTRY ELEMENTS (KOHA)
Source of classification or shelving scheme Dewey Decimal Classification
Koha item type Short Loan
Holdings
Withdrawn status Lost status Source of classification or shelving scheme Damaged status Not for loan Home library Current library Date acquired Source of acquisition Inventory number Total Checkouts Full call number Barcode Date last seen Koha item type
    Dewey Decimal Classification     MUST Main Library MUST Main Library 02/03/2016   03/17922   305.5 VOI 2000 2016-0306 02/03/2016 Short Loan
    Dewey Decimal Classification     MUST Main Library MUST Main Library 22/06/2016   04/21721   305.5 VOI 2000 2016-2624 22/06/2016 Open Shelf